000
00316nam a2200133Ia 4500
005
20251222153601.0
008
251222s9999||||xx |||||||||||||| ||spa||
082
_a
516/R74
100
_a
Rodríguez Cárdenas, Mauro Efraín
245
0
_a
Geometría 2000:
250
_a
2a.ed.
264
_b
Algoritmo
942
_c
LIB
999
_c
31230
_d
31230